Arthasakshar Vha. (Record no. 359110)

MARC details
000 -LEADER
fixed length control field 00366nam a22001577a 4500
005 - DATE AND TIME OF LATEST TRANSACTION
control field 20240716105139.0
008 - FIXED-LENGTH DATA ELEMENTS--GENERAL INFORMATION
fixed length control field 240716b |||||||| |||| 00| 0 eng d
041 ## - LANGUAGE CODE
Language code of text/sound track or separate title eng
082 ## - DEWEY DECIMAL CLASSIFICATION NUMBER
Edition number 330
Classification number KOL
100 ## - MAIN ENTRY--PERSONAL NAME
Author Kolapkar A.
245 ## - TITLE STATEMENT
Title Arthasakshar Vha.
260 ## - PUBLICATION, DISTRIBUTION, ETC.
Place of publication, distribution, etc. Pune
Name of publisher, distributor, etc. Arthasakshar.com
Date of publication, distribution, etc. 2021
300 ## - PHYSICAL DESCRIPTION
Extent 389
500 ## - GENERAL NOTE
Keywords Economics<br/>
942 ## - ADDED ENTRY ELEMENTS (KOHA)
Koha item type Books
Holdings
Withdrawn status Lost status Source of classification or shelving scheme Damaged status Not for loan Home library Current library Date acquired Vendor Net Price Total Checkouts Full call number Barcode Date last seen Date last checked out Actual Price Bill Date Koha item type Original Barcode
    Dewey Decimal Classification     Smt. Hiraben Nanavati Institute of Management & Research for Women Smt. Hiraben Nanavati Institute of Management & Research for Women 22/03/2023 Nilesh Walak 360.00 1 330 KOL 22401 HIMR-BK-22401 29/07/2024 29/07/2024 330.00 16/07/2024 Books B22401